BIOCHEMISTRY (Record no. 29100)

MARC details
000 -LEADER
fixed length control field 00367nam a22001697a 4500
003 - CONTROL NUMBER IDENTIFIER
control field SGT
020 ## - INTERNATIONAL STANDARD BOOK NUMBER
International Standard Book Number 9788131269411
082 ## - DEWEY DECIMAL CLASSIFICATION NUMBER
Classification number 612.015
Item number B21S
100 ## - MAIN ENTRY--PERSONAL NAME
Personal name SATYANARAYANA,U.
245 ## - TITLE STATEMENT
Title BIOCHEMISTRY
250 ## - EDITION STATEMENT
Edition statement 6TH
260 ## - PUBLICATION, DISTRIBUTION, ETC. (IMPRINT)
Place of publication, distribution, etc INDIA
Name of publisher, distributor, etc ELSEVIER
Year of Publication 2021
300 ## - PAGE DESCRIPTION
No. of Pages 777
650 ## - SUBJECT ADDED ENTRY--TOPICAL TERM
Topical term or geographic name as entry element BIOCHEMISTRY
653 ## - KEYWORDS--INDEX TERM
Keyword term CHEMISTRY, BIOCHEMISTRY
942 ## - ADDED ENTRY ELEMENTS (KOHA)
Source of classification or shelving scheme Dewey Decimal Classification
Koha item type Books
942 ## - ADDED ENTRY ELEMENTS (KOHA)
-- 6
Holdings
Withdrawn status Lost status Source of classification or shelving scheme Damaged status Use restrictions Not for loan Collection code Home library Current library Shelving location Date acquired Vendor Name Cost, normal purchase price SGTU Bill Number Full call number Accession No. (Barcode) Date last seen Bill Date Koha item type Total Checkouts Total Renewals Date last borrowed
    Dewey Decimal Classification   Restricted Access   AYURVEDA SGT FA-FP Library SGT FA-FP Library Reference Book 17/01/2025 AHUJA PUB. 1825.00 SGTU 19920 612.015 B21S FA12571 17/01/2025 21/11/2024 Books      
    Dewey Decimal Classification       AYURVEDA SGT FA-FP Library SGT FA-FP Library Text Book 17/01/2025 AHUJA PUB. 1825.00 SGTU 19920 612.015 B21S FA12572 30/05/2026 21/11/2024 Books 8 2 25/08/2025
    Dewey Decimal Classification       AYURVEDA SGT FA-FP Library SGT FA-FP Library Text Book 17/01/2025 AHUJA PUB. 1825.00 SGTU 19920 612.015 B21S FA12573 23/05/2026 21/11/2024 Books 19   11/05/2026
    Dewey Decimal Classification       AYURVEDA SGT FA-FP Library SGT FA-FP Library Text Book 17/01/2025 AHUJA PUB. 1825.00 SGTU 19920 612.015 B21S FA12574 22/05/2026 21/11/2024 Books 21   07/05/2026
    Dewey Decimal Classification       AYURVEDA SGT FA-FP Library SGT FA-FP Library Text Book 17/01/2025 AHUJA PUB. 1825.00 SGTU 19920 612.015 B21S FA12575 11/05/2026 21/11/2024 Books 14   11/05/2026